| 000 -LEADER |
| fixed length control field |
00617cam a22001934a 4500 |
| 020 ## - INTERNATIONAL STANDARD BOOK NUMBER |
| ISBN |
0821358863 |
| 020 ## - INTERNATIONAL STANDARD BOOK NUMBER |
| ISBN |
0821358871 (eISBN) |
| 040 ## - CATALOGING SOURCE |
| Transcribing agency |
DLC |
| 082 00 - DEWEY DECIMAL CLASSIFICATION NUMBER |
| Classification number |
338 WOR 2005 A069 Or. |
| 245 00 - TITLE STATEMENT |
| Title |
Putting social development to work for the poor : |
| Remainder of title |
an OED review of World Bank activities / |
| 250 ## - EDITION STATEMENT |
| Edition statement |
1st ed. |
| 260 ## - PUBLICATION, DISTRIBUTION, ETC. (IMPRINT) |
| Place of publication |
Washington, D.C. : |
| Name of publisher |
World Bank, |
| Year of publication |
2005. |
| 300 ## - PHYSICAL DESCRIPTION |
| Number of Pages |
xxi, 106 p. : |
| Other physical details |
ill. ; |
| Dimensions |
28 cm. |
| 500 ## - GENERAL NOTE |
| General note |
At head of title : World Bank Operations Evaluation Department |
| 650 #0 - SUBJECT ADDED ENTRY--TOPICAL TERM |
| Topical Term |
Economic development projects |
| 650 #0 - SUBJECT ADDED ENTRY--TOPICAL TERM |
| Topical Term |
Economic development |
| 710 2# - ADDED ENTRY--CORPORATE NAME |
| Corporate name or jurisdiction name as entry element |
World Bank. |
| 942 ## - ADDED ENTRY ELEMENTS (KOHA) |
| Koha item type |
សៀវភៅភាសាអង់គ្លេស |
| 952 ## - LOCATION AND ITEM INFORMATION (KOHA) |
| Withdrawn status [LOCAL, KOHA] |
0 |